Sharḥ aḥkām ʻaqd al-muqāwalah (Record no. 45642)

MARC details
000 -LEADER
fixed length control field 00676cam a22002291 4500
001 - CONTROL NUMBER
control field ne 63000443
003 - CONTROL NUMBER IDENTIFIER
control field DLC
005 - DATE AND TIME OF LATEST TRANSACTION
control field 20260227111742.0
008 - FIXED-LENGTH DATA ELEMENTS--GENERAL INFORMATION
fixed length control field 921120s1962 ua b 000 0 ara
010 ## - LIBRARY OF CONGRESS CONTROL NUMBER
LC control number ne 63000443
035 ## - SYSTEM CONTROL NUMBER
System control number (OCoLC)28043356
040 ## - CATALOGING SOURCE
Original cataloging agency DLC
Transcribing agency NNC-L
Modifying agency DLC
042 ## - AUTHENTICATION CODE
Authentication code premarc
043 ## - GEOGRAPHIC AREA CODE
Geographic area code f-ua---
050 00 - LIBRARY OF CONGRESS CALL NUMBER
Classification number KRM858
Item number .S53 1962
100 1# - MAIN ENTRY--PERSONAL NAME
Personal name Shanab, Muḥammad Labīb.
245 10 - TITLE STATEMENT
Title Sharḥ aḥkām ʻaqd al-muqāwalah
Statement of responsibility, etc. [taʼlīf] Muḥammad Labīb Shanab.
260 ## - PUBLICATION, DISTRIBUTION, ETC.
Place of publication, distribution, etc. [al-Qāhirah]
Name of publisher, distributor, etc. Dār al-Nahḍah al-ʻArabīyah,
Date of publication, distribution, etc. [1962]
300 ## - PHYSICAL DESCRIPTION
Extent 202 p.
Dimensions 24 cm.
504 ## - BIBLIOGRAPHY, ETC. NOTE
Bibliography, etc. note Includes bibliographical footnotes.
650 #0 - SUBJECT ADDED ENTRY--TOPICAL TERM
Topical term or geographic name entry element Contracts
Geographic subdivision Egypt.

No items available.

Powered by Koha